Dinastie europee - Gonzaga - Statistics

Statistiche generali
  • Questo quiz è stato fatto 26 volte
  • Il punteggio medio è 13 su 21
Statistiche sulle risposte
Titolo Anni Nome Eventuale epiteto % Corretto
1382-1407 Francesco I
87%
1519-1530 Francesco II
87%
1540-1550 Francesco III
87%
1612 Francesco IV
87%
Marchese di Mantova 1407-1444 Gian Francesco
87%
Capitano del popolo di Mantova 1328-1360 Luigi I
87%
1665-1708 Ferdinando Carlo
80%
1612-1626 Ferdinando
67%
1627-1637 Carlo I
60%
1637-1665 Carlo II
60%
1729-1746 Giuseppe Maria
60%
1369-1382 Ludovico I
60%
1444-1478 Ludovico II Il Turco
60%
1714-1729 Antonio Ferrante
53%
Duca di Mantova e del Monferrato 1550-1587 Guglielmo
47%
Duca di Guastalla 1694-1714 Vincenzo
40%
1587-1612 Vincenzo I
40%
1626-1627 Vincenzo II
40%
1478-1484 Federico I
33%
Duca di Mantova e marchese del Monferrato 1530-1540 Federico II
33%
1360-1369 Guido
27%
Nessun quiz corrispondente trovato
Distribuzione punteggi
Percentuale di utenti per punteggio
Percentile per numero di risposta
I tuoi punteggi nel tempo
Non hai fatto questo quiz